[Event "I Torneo Puntay A"]
[Site "Caldaro - Kaltern ITA"]
[Date "2016.10.23"]
[Round "5"]
[White "Wertjanz, David"]
[Black "Pojer, Romeo"]
[WhiteElo "2332"]
[BlackElo "2084"]
[Result "0-1"]
[PlyCount "162"]
[EventDate "2016.10.21"]

1. e4 d6 2. d4 Nf6 3. Nc3 g6 4. Nf3 Bg7 5. Be2 O-O 6. O-O a6 7. Re1 Nc6 8. d5
Ne5 9. Nxe5 dxe5 10. Be3 Ne8 11. Qd2 Nd6 12. Rad1 e6 13. dxe6 fxe6 14. Bc5 Qf6
15. Bxd6 Qxf2+ 16. Kh1 cxd6 17. Qxd6 b5 18. Rf1 Qe3 19. Qc6 Rb8 20. Rxf8+ Bxf8
21. Rf1 Qc5 22. Qe8 Qe7 23. Qxe7 Bxe7 24. Rd1 Kf7 25. Kg1 Bc5+ 26. Kf1 Ke7 27.
Bf3 Bb7 28. Ke2 Bc6 29. Rd2 Rf8 30. Nd1 h5 31. c3 a5 32. Ne3 Be8 33. Rd1 g5 34.
g4 h4 35. a3 a4 36. Nc2 Bc6 37. Nb4 Bb7 38. Nd3 Bd6 39. Ke3 Rc8 40. Be2 Bb8 41.
Bf3 Rc4 42. Nb4 Ba7+ 43. Kd2 Rc8 44. Be2 Rf8 45. Bxb5 Rf2+ 46. Ke1 Bxe4 47.
Rd7+ Kf6 48. Rxa7 Rxh2 49. Be8 Bg6 50. Bxg6 Kxg6 51. Nc6 Kf6 52. Rh7 Rxb2 53.
c4 Rc2 54. Na5 Kg6 55. Rh8 Kg7 56. Rh5 Kg6 57. Kd1 Rc3 58. Kd2 Rxa3 59. c5 e4
60. Nc4 Rd3+ 61. Kc2 Rd5 62. Kc3 Rxc5 63. Kd4 Rb5 64. Kxe4 a3 65. Rh8 Rb4 66.
Kd4 Ra4 67. Rg8+ Kf6 68. Rf8+ Ke7 69. Rf1 a2 70. Ra1 h3 71. Kc5 h2 72. Ne5 h1=Q
73. Rxh1 a1=Q 74. Nc6+ Kf6 75. Rh6+ Kg7 76. Rxe6 Qc3+ 77. Kd5 Qd3+ 78. Kc5 Qc4+
79. Kd6 Ra6 80. Re7+ Kf6 81. Ra7 Qd4+ 0-1